Science Scramble! - Statistics

General Stats
  • This quiz has been taken 108 times
  • The average score is 12 of 20
Answer Stats
Clue Scrambled Unscramble It! % Correct
Makes up all matter. TMSOA ATOMS
91%
A natural disaster. ICRHUNAER HURRICANE
88%
NASA's first female African-American scientist. OHNNSOJ JOHNSON
85%
A certain flightless bird. UGNEINP PENGUIN
83%
A Pacific trench. IMRNAAA MARIANA
80%
An astronomical distance. YALHRITEG LIGHTYEAR
75%
A type of rock. NOIESGU IGNEOUS
70%
A "belt" of stars. RONOI ORION
70%
Such as deserts, rainforests, and grasslands. MOEBI BIOME
69%
How rocks get smaller. NOIRESO EROSION
68%
A prediction. OIHHTSYPSE HYPOTHESIS
68%
Tissue damage from the cold. BFESOTIRT FROSTBITE
65%
Floating objects have this. OYYBNAUC BUOYANCY
58%
Part of the brain. POMSAUHIPCP HIPPOCAMPUS
47%
They could melt soon. CCSIEPA ICECAPS
47%
A large cloud that appears in thunderstorms. ISLUOUMCBMUN CUMULONIMBUS
40%
A biochemical. RYBOAAHTEDCR CARBOHYDRATE
26%
Made from Uranium's decay. AIMURD RADIUM
25%
Philosophiae Naturalis _________ Mathematica. IRPPAICNI PRINCIPIA
14%
A fundamental force. GSEMCRILMTOEANTE ELECTROMAGNETISM
12%
No matching quizzes found
Score Distribution
Percent of People with Each Score
Percentile by Number Answered
Your Score History
You have not taken this quiz